Vine's expository dictionary of New Testament words. (Record no. 938)

000 -LEADER
fixed length control field 00698nam a2200181 a 4500
001 - CONTROL NUMBER
control field :::00014117$&:&@@
003 - CONTROL NUMBER IDENTIFIER
control field OkBaRHE
005 - DATE AND TIME OF LATEST TRANSACTION
control field 20100325141701.0
008 - FIXED-LENGTH DATA ELEMENTS--GENERAL INFORMATION
fixed length control field j 000 0 eng u
040 ## - CATALOGING SOURCE
Transcribing agency
100 1# - MAIN ENTRY--PERSONAL NAME
Personal name Vine, William Edwyn, 1873-1949.
245 10 - TITLE STATEMENT
Title Vine's expository dictionary of New Testament words.
Statement of responsibility, etc A comprehensive dictionary of the original Greek words with their precise meanings for English readers.
260 ## - PUBLICATION, DISTRIBUTION, ETC. (IMPRINT)
Place of publication, distribution, etc Mclean, VA., :
Name of publisher, distributor, etc MacDonald Publishing Company
300 ## - PHYSICAL DESCRIPTION
Extent 1374 p. ;
Dimensions 23 cm.
650 ## - SUBJECT ADDED ENTRY--TOPICAL TERM
Topical term or geographic name as entry element Bible New Testament
General subdivision Dictionaries
942 ## - ADDED ENTRY ELEMENTS (KOHA)
Source of classification or shelving scheme
Koha item type Books
Copies
Date acquired Source of classification or shelving scheme Damaged status Copy number Collection code Barcode Permanent Location Not for loan Withdrawn status Full call number Price effective from Date last seen Koha item type Lost status Shelving location
2010-04-14  1Reference14117RHEMA Bible Training College  PA 881 .V52010-04-142010-04-14Books General Stacks